000 00593nam a2200181 i 4500
001 37758
003 ES-MaACL
005 20251005063036.0
007 t|
008 030221s1916 sp ||||1| spa d
080 _a821.134.2-14"18"
100 1 _aCaballero de Puga, Eduardo,
_d1847-1943
_933103
245 1 0 _aCentellas filosóficas-morales
_b: sociales, políticas, femeninas, festivas, varios : [poesias] /
_cEduardo Caballero de Puga.
260 _aMadrid :
_bSucs. de Rivadeneyra,
_c1916.
300 _a93 p. ;
_c15 cm.
852 _aES-MaACL
_jD-3334
999 _c37758
_d37758